Publikovanie bibliografických dát v prostredí sémantického webu

Salvato in:
Dettagli Bibliografici
Autore principale: Vlha, Tomáš (Autore)
Altri autori: Gábrišová, Henrieta (Relatore della tesi)
Natura: Manoscritto Libro
Lingua:slovacco
Pubblicazione: 2019
Soggetti:
Accesso online:http://is.stuba.sk/zp/portal_zp.pl?podrobnosti=126017
Tags: Aggiungi Tag
Nessun Tag, puoi essere il primo ad aggiungerne!!

MARC

LEADER 00000ntm a22000003a 4500
001 stuzp70350
003 SK-STU
005 20190805133642.2
007 ta
008 150427s2015----xo-----f-mn---000-0-slo-d
040 |a STU  |b slo 
041 0 |a slo 
044 |a xo 
100 1 |a Vlha, Tomáš  |u 070200  |4 aut  |U FIIT Fakulta informatiky a informačných technológií  |T FIIT Ústav informatiky, informačných systémov a softvérového inžinierstva  |X 79809  |U I200  |Y 179  |7 79809 
242 0 1 |a Publication of bibliographic data in the environment of semantic web  |y eng 
245 1 0 |a Publikovanie bibliografických dát v prostredí sémantického webu 
260 |c 2019 
300 |e Neobsahuje CD-rom 
650 4 |a metadáta  |2 slo 
650 4 |a sémantický web  |2 slo 
650 4 |a ontológie  |2 slo 
650 4 |a semantic web  |2 eng 
650 4 |a metadata  |2 eng 
650 4 |a ontologies  |2 eng 
700 1 |a Gábrišová, Henrieta  |u 070680  |k Z7  |4 ths  |U FIIT Fakulta informatiky a informačných technológií  |T FIIT Slovenská informačná knižnica  |X 90742  |U 070680  |Y 273  |7 90742 
856 4 |u http://is.stuba.sk/zp/portal_zp.pl?podrobnosti=126017 
996 |c I*BAP95/19  |l II680  |s P  |a 0  |w stuzp70350_0001